| 000 | 00492nam a22001697a 4500 | ||
|---|---|---|---|
| 999 |
_c1975 _d1975 |
||
| 003 | URS | ||
| 005 | 20220114141932.0 | ||
| 008 | 190805s1988 ph a|||| |||| 00| 0 eng d | ||
| 020 | _a9711201240 | ||
| 040 | _c0 | ||
| 050 | 1 |
_aLB 2395 _b.R6666 1988 |
|
| 100 | _aRobles, Felicidad C. | ||
| 245 | 1 | 0 |
_aDeveloping english proficiency in college _bFelicidad C. Robles |
| 264 |
_aManila: _bGoodwill Trading Co. Incoporation _c[1988] |
||
| 300 |
_a270 page _bwith Illustrations _c26 cm |
||
| 942 |
_2lcc _cF |
||